Maiores cidades da Região Centro de Portugal (NUTS II) - Statistics

Estatísticas Gerais
  • Esse quiz foi jogado 95 vezes
    26 desde o último reset
  • A pontuação média é 7 de 10
Estatísticas das Respostas
População Resposta % Correto
116 202 Coimbra
96%
55 000 Aveiro
88%
50 533 Leiria
88%
57 957 Viseu
88%
34 278 Castelo Branco
76%
26 565 Guarda
72%
30 012 Figueira da Foz
56%
34 471 Covilhã
52%
31 413 Marinha Grande
32%
29 765 Ovar
28%
Nenhum quiz correspondente encontrado
Distribuição das Pontuações
Porcentagem de Pessoas com Cada Pontuação
Percentil de Números Respondidos
Sua Pontuação Histórica
Você não jogou esse quiz desde o último reset